National Multi Housing Council (Record no. 120732)

MARC details
000 -LEADER
fixed length control field 00947cai a22001815a 4500
001 - CONTROL NUMBER
control field L145870
008 - FIXED-LENGTH DATA ELEMENTS--GENERAL INFORMATION
fixed length control field 081117u xxkado g 000 0 eng d
035 ## - SYSTEM CONTROL NUMBER
System control number (Sirsi) u145870
041 0# - LANGUAGE CODE
Language code of text/sound track or separate title eng
110 2# - MAIN ENTRY--CORPORATE NAME
Corporate name or jurisdiction name as entry element National Multi Housing Council
9 (RLIN) 5206
245 00 - TITLE STATEMENT
Title National Multi Housing Council
Medium [electronic resource]
520 ## - SUMMARY, ETC.
Summary, etc. The National Multi Housing Council (NMHC) is a national organisation in the United States that represents the interests of some of the larger apartment firms in the US. Although largely geared towards their needs, with a range of research and publication into buildings in multiple occupation, this website may also be of interest to students and realtors. Certain sections of the website are only available to NMHC members.
590 ## - LOCAL NOTE (RLIN)
Local note KA
651 #4 - SUBJECT ADDED ENTRY--GEOGRAPHIC NAME
Geographic name United States
Chronological subdivision 1959-
690 ## - LOCAL SUBJECT ADDED ENTRY--TOPICAL TERM (OCLC, RLIN)
Topical term or geographic name as entry element PROPERTY-PROPERTY AGENCY
856 40 - ELECTRONIC LOCATION AND ACCESS
Uniform Resource Identifier <a href="https://www.nmhc.org/">https://www.nmhc.org/</a>
Public note View the website free of charge at www.nmhc.org...
942 ## - ADDED ENTRY ELEMENTS (KOHA)
Suppress in OPAC 0
Holdings
Withdrawn status Lost status Source of classification or shelving scheme Damaged status Not for loan Home library Current library Shelving location Date acquired Total Checkouts Full call number Barcode Date last seen Copy number Price effective from Koha item type
    Dewey Decimal Classification     Virtual Virtual Online 17/11/2008   ONLINE PUBLICATION 145870-1001 06/08/2019 1 06/08/2019 Online material